Villes du Pas-de-Calais - Mort subite - Statistiques

Statistiques générales
  • Ce quiz a été pris 284 fois
  • Le résultat moyen est 8 sur 14
Answers on the Grid
Answers color-coded by a green-red scale on the quiz's grid according to % correct below.
Calais
Béthune
Douai
Cambrai
Lens
Le Touquet
Boulogne-sur-mer
Abbeville
Maubeuge
Arras
Valenciennes
Saint-Omer
Liévin
Montreuil-sur-mer
Bapaume
Péronne
Saint-Pol-sur-mer
Saint-Pol-sur-Ternoise
Hénin-Beaumont
Le Crotoy
Hesdin
Bruay-La-Buissière
Doullens
Avesnes-sur-Helpe
 
Statistiques - réponses
Réponse % Correct
Calais
93%
Béthune
80%
Lens
77%
Arras
67%
Boulogne-sur-mer
64%
Le Touquet
61%
Saint-Omer
57%
Liévin
52%
Hénin-Beaumont
50%
Montreuil-sur-mer
41%
Bruay-La-Buissière
35%
Hesdin
33%
Saint-Pol-sur-Ternoise
31%
Bapaume
24%
Aucun quiz correspondant
Distribution des résultats
% des personnes avec chaque résultat
Percentile par nombre de réponses
Votre historique - résultats
Vous n’avez pas pris ce quiz